<?xml version="1.0" encoding="UTF-8"?>
<collection xmlns="http://www.loc.gov/MARC21/slim">
  <record>
    <leader>00000nam  2200000   4500</leader>
    <controlfield tag="001">INLIS000000000020586</controlfield>
    <controlfield tag="005">20250723121511</controlfield>
    <datafield tag="035" ind1="#" ind2="#">
      <subfield code="a">0010-0725000116</subfield>
    </datafield>
    <controlfield tag="007">ta</controlfield>
    <controlfield tag="008">250723################|##########|#|##</controlfield>
    <datafield tag="084" ind1="#" ind2="#">
      <subfield code="a">R 0001 PKA 2024</subfield>
    </datafield>
    <datafield tag="100" ind1=" " ind2="#">
      <subfield code="a">Wahyu Perdana Putra</subfield>
    </datafield>
    <datafield tag="245" ind1="1" ind2="#">
      <subfield code="a">Pembinaan Produk Hukum Daerah Berbasis Resiko /</subfield>
      <subfield code="c">Wahyu Perdana Putra</subfield>
    </datafield>
    <datafield tag="260" ind1="#" ind2="#">
      <subfield code="a">Jakarta :</subfield>
      <subfield code="b">Pusbangkom Pimnas dan Manajerial ASN,</subfield>
      <subfield code="c">2024</subfield>
    </datafield>
    <datafield tag="300" ind1="#" ind2="#">
      <subfield code="a">15 hlm. ;</subfield>
      <subfield code="c">30 cm</subfield>
    </datafield>
    <datafield tag="650" ind1="#" ind2="4">
      <subfield code="a">Produk Hukum</subfield>
    </datafield>
    <datafield tag="520" ind1="#" ind2="#">
      <subfield code="a">Tingginya kompleksitas permasalahan dalam proses pembentukan produk hukum daerah dalam konteks kekinian berbanding lurus dengan semakin tingginya intensitas dan frekuensi tugas-tugas yang berkaitan dengan Direktorat Produk Hukum Daerah sebagai satuan kerja dilingkungan Direktorat Jenderal Otonomi Daerah, Kementerian Dalam Negeri. Artinya, hampir sebagian besar persoalan yang mencuat di era penerapan sistem desentralisasi dan otonomi daerah saat ini, secara langsung maupun tidak langsung berhubungan dengan tugas pokok dan fungsi dari Direktorat Produk Hukum Daerah. Berkaitan dengan pembentukan produk hukum daerah, masih dirasakan banyak terdapat kelemahan dalam hal perencanaan, penyusunan dan fasilitasi rancangan perda atau rancangan perkada. Kondisi ini tentunya semakin meneguhkan kedudukan strategis organisasi Direktorat Produk Hukum Daerah.</subfield>
    </datafield>
    <datafield tag="990" ind1="#" ind2="#">
      <subfield code="a">2024/1.2.3/A/0001</subfield>
    </datafield>
  </record>
</collection>
